| 000 | 01352cab a2200529 4500 | ||
|---|---|---|---|
| 001 | ABS45558 | ||
| 008 | 090401t1991 xxu||||| |||| 00| 0 eng d | ||
| 035 | _a(Sirsi) u53717 | ||
| 041 | _aeng | ||
| 245 | _aLondon boroughs | ||
| 260 | _c1991 | ||
| 300 | _aLOAN | ||
| 350 | _a0 | ||
| 490 |
_aEstates Times _v(1122) 29 November 1991 |
||
| 520 | _aAn "Estates Times Review" of the property market and developments in the London boroughs at a time of debate about the administration and planning of the capital`s infrastructure and buildings. | ||
| 650 | _aBARNET | ||
| 650 | _aBRENT | ||
| 650 | _aBROMLEY | ||
| 650 | _aCAMDEN | ||
| 650 | _aCHELSEA | ||
| 650 | _aCROYDON | ||
| 650 | _aEALING | ||
| 650 | _aENFIELD | ||
| 650 | _aFULHAM | ||
| 650 | _aGREENWICH | ||
| 650 | _aHACKNEY | ||
| 650 | _aHAMMERSMITH | ||
| 650 | _aHARROW | ||
| 650 | _aHAVERING | ||
| 650 | _aHILLINGDON | ||
| 650 | _aHOUNSLOW | ||
| 650 | _aISLINGTON | ||
| 650 | _aKENSINGTON | ||
| 650 | _aKINGSTON | ||
| 650 | _aLAMBETH | ||
| 650 | _aLEWISHAM | ||
| 650 | _aMERTON | ||
| 650 | _aNEWHAM | ||
| 650 | _aSOUTHWARK | ||
| 650 | _aSUTTON | ||
| 650 | _aTOWER HAMLETS | ||
| 650 | _aWALTHAM FOREST | ||
| 650 | _aWANDSWORTH | ||
| 690 | _aPROPERTY-COMMERCIAL PROPERTY-COMMERCIAL PROPERTY MARKET | ||
| 942 | _n0 | ||
| 948 | _c04/03/1997 | ||
| 999 |
_c33048 _d33048 |
||